Electricity 1 : Devices, circuits, and materials

This book introduces to basic electron theory and electron movement, as well as direct current series circuits, parallel circuits, and series-parallel circuits. It presents detailed circuits diagrams and photographs of commonly used electrical devices and materials. It also explains types of electri...

Πλήρης περιγραφή

Αποθηκεύτηκε σε:
Λεπτομέρειες βιβλιογραφικής εγγραφής
Κύριος συγγραφέας: Kabala, Thomas
Μορφή: Βιβλίο
Γλώσσα:Undetermined
Έκδοση: Albany, New York Delmar 2000
Θέματα:
Ετικέτες: Προσθήκη ετικέτας
Δεν υπάρχουν, Καταχωρήστε ετικέτα πρώτοι!
Thư viện lưu trữ: Trung tâm Học liệu Trường Đại học Cần Thơ
LEADER 01124nam a2200241Ia 4500
001 CTU_42279
008 210402s9999 xx 000 0 und d
020 |b 369.000đ 
020 |c 369000 
082 |a 621.3 
082 |b K96/T1 
100 |a Kabala, Thomas 
245 0 |a Electricity 1 : 
245 0 |b Devices, circuits, and materials 
245 0 |c Thomas Kabala 
260 |a Albany, New York 
260 |b Delmar 
260 |c 2000 
520 |a This book introduces to basic electron theory and electron movement, as well as direct current series circuits, parallel circuits, and series-parallel circuits. It presents detailed circuits diagrams and photographs of commonly used electrical devices and materials. It also explains types of electrical conductors and wire sizes; and rotating machinery fundamentals with material on electromagnetism, the generation of electromotive force, and motor principles. 
650 |a Electric circuits,Electric engineering,Electric machinery 
650 |x Direct current,Direct current 
904 |i Minh, QHieu 
980 |a Trung tâm Học liệu Trường Đại học Cần Thơ